000 00688nam a2200193Ia 4500
999 _c64436
_d64436
003 GCL
005 20240530110731.0
008 140319s9999 xx 000 0 ara d
040 _aGCL /
_cGCL
082 0 4 _a091
_bهـ ر
100 1 _aدار الكتب والوثائق القومية
245 1 0 _aروائع المخطوطات الفارسية بدار الكتب المصرية /
_cدار الكتب والوثائق القومية
260 _aالقاهرة :
_bدار الكتب ،
_c1966
300 _a263 ص ؛
_c28 سم
650 0 4 _aالمخطوطات
650 0 4 _aالمخطوطات - فهرسة
650 0 4 _aالمخطوطات الفارسية
942 _2ddc
_cREF